[Event "1. Bundesliga 2013/2014"]
[Site "Jenbach, Wolfsberg, St. Veit/Glan"]
[Date "2014.03.23"]
[Round "11"]
[Board "4"]
[White "Wukits, Rene"]
[Black "Brandner, Stefan"]
[Result "1-0"]
[WhiteElo "2267"]
[BlackElo "2273"]
[PlyCount "53"]
[EventDate "2013.12.06"]
[EventType "team"]
[EventRounds "11"]
[EventCountry "AUT"]
[WhiteTeam "tschaturanga"]
[BlackTeam "SK Advisory Invest Baden"]

1.d4 d5 2.Nf3 Nc6 3.c4 Bg4 4.cxd5 Bxf3 5.gxf3 Qxd5 6.e3 e5 7.Nc3 Bb4 8.Bd2 Bxc3 9.bxc3
Qd6 10.Rb1 Nge7 11.Bg2 O-O 12.O-O Rad8 13.Rxb7 Nf5 14.Qb1 Nh4 15.Kh1 f5 16.Rg1 f4
17.Qe4 exd4 18.exd4 Na5 19.Rb5 Nc4 20.Rh5 Ng6 21.Bc1 Rfe8 22.Qc2 Nb6 23.Bf1 Qc6 24.Qb3+
Kh8 25.Rh3 Rd5 26.Bd3 Rh5 27.d5 1-0

[Event "1. Bundesliga 2013/2014"]
[Site "Jenbach, Wolfsberg, St. Veit/Glan"]
[Date "2014.03.23"]
[Round "11"]
[Board "5"]
[White "Dzierzenga, Stefan"]
[Black "Leitner, Gerald"]
[Result "0-1"]
[WhiteElo "2197"]
[BlackElo "2199"]
[PlyCount "64"]
[EventDate "2013.12.06"]
[EventType "team"]
[EventRounds "11"]
[EventCountry "AUT"]
[WhiteTeam "SK Advisory Invest Baden"]
[BlackTeam "tschaturanga"]

1.e4 c5 2.b3 e6 3.Bb2 Nc6 4.Nf3 a6 5.c4 d6 6.d4 cxd4 7.Nxd4 Qc7 8.Be2 Nf6 9.Nc3 Be7
10.O-O O-O 11.Rc1 Ne5 12.Kh1 Re8 13.f4 Ng6 14.Qd2 Bf8 15.Bd3 b6 16.Rce1 Bb7 17.Qf2
Rad8 18.Nce2 Nxe4 19.Bxe4 Bxe4 20.f5 exf5 21.Nxf5 b5 22.cxb5 axb5 23.Neg3 d5 24.Rc1
Qd7 25.Rcd1 b4 26.Qd4 f6 27.Ne3 Qe6 28.Rfe1 Ra8 29.Nxd5 Qxd5 30.Rxe4 Qxd4 31.Rexd4
Rxa2 32.R4d2 Re3 0-1

[Event "1. Bundesliga 2013/2014"]
[Site "Jenbach, Wolfsberg, St. Veit/Glan"]
[Date "2014.03.23"]
[Round "11"]
[Board "6"]
[White "Petschar, Hans"]
[Black "Juenger, Heinz"]
[Result "1/2-1/2"]
[WhiteElo "2120"]
[BlackElo "2114"]
[PlyCount "67"]
[EventDate "2013.12.06"]
[EventType "team"]
[EventRounds "11"]
[EventCountry "AUT"]
[WhiteTeam "tschaturanga"]
[BlackTeam "SK Advisory Invest Baden"]

1.e4 e5 2.Nf3 Nc6 3.Bc4 Bc5 4.c3 Nf6 5.d3 O-O 6.Bb3 a6 7.O-O Ba7 8.Re1 d6 9.Nbd2 Ng4
10.Re2 Kh8 11.h3 Nh6 12.Nf1 f5 13.Bxh6 gxh6 14.N1h2 Qf6 15.Qd2 Ne7 16.d4 fxe4 17.Rxe4
exd4 18.cxd4 Qg7 19.Kh1 d5 20.Rxe7 Qxe7 21.Bxd5 c6 22.Bb3 Qg7 23.Re1 Bf5 24.Qb4 Rfe8
25.Ne5 Be6 26.Nhf3 Rad8 27.Re4 Rc8 28.Rg4 Bxg4 29.Nf7+ Kg8 30.Nxh6+ Kh8 31.Nf7+ Kg8
32.Nh6+ Kh8 33.Nf7+ Kg8 34.Nh6+ 1/2-1/2

[Event "1. Bundesliga 2013/2014"]
[Site "Jenbach, Wolfsberg, St. Veit/Glan"]
[Date "2014.03.23"]
[Round "11"]
[Board "2"]
[White "Rapport, Richard"]
[Black "Bauer, Christian"]
[Result "1-0"]
[WhiteElo "2681"]
[BlackElo "2627"]
[PlyCount "79"]
[EventDate "2013.12.06"]
[EventType "team"]
[EventRounds "11"]
[EventCountry "AUT"]
[WhiteTeam "Schachclub MPOE Maria Saal I"]
[BlackTeam "Schachklub Sparkasse Jenbach"]

1.Nf3 d5 2.g3 c6 3.Bg2 Nf6 4.O-O Bf5 5.c4 e6 6.cxd5 exd5 7.d3 Be7 8.Nc3 O-O 9.Nd4
Bg6 10.e4 Nbd7 11.exd5 cxd5 12.Nde2 Nc5 13.Nf4 d4 14.Nxg6 hxg6 15.Na4 Nfd7 16.Nxc5
Nxc5 17.b4 Ne6 18.Bd2 Rb8 19.Qb3 Nc7 20.a4 Qd7 21.Rac1 g5 22.f4 gxf4 23.Bxf4 Bd6 24.Bh3
Qd8 25.Bd2 Be7 26.Bg2 Ne8 27.Rf5 Nf6 28.Rcf1 Qc7 29.Bf4 Bd6 30.Bg5 Be7 31.Qd1 Rfd8
32.Bf4 Qc3 33.Bxb8 Rxb8 34.g4 Nh7 35.Rxf7 Qxb4 36.Qe2 Bf6 37.Rxb7 Rxb7 38.Qe8+ Nf8
39.Bd5+ Kh8 40.Bxb7 1-0

[Event "1. Bundesliga 2013/2014"]
[Site "Jenbach, Wolfsberg, St. Veit/Glan"]
[Date "2014.03.23"]
[Round "11"]
[Board "3"]
[White "Schlosser, Philipp"]
[Black "Predojevic, Borki"]
[Result "1/2-1/2"]
[WhiteElo "2612"]
[BlackElo "2607"]
[PlyCount "102"]
[EventDate "2013.12.06"]
[EventType "team"]
[EventRounds "11"]
[EventCountry "AUT"]
[WhiteTeam "Schachklub Sparkasse Jenbach"]
[BlackTeam "Schachclub MPOE Maria Saal I"]

1.Nf3 d5 2.c4 c6 3.e3 Nf6 4.Nc3 a6 5.d4 Bf5 6.Qb3 b5 7.c5 a5 8.Ne5 a4 9.Qd1 g6 10.g4
Be6 11.Bg2 Bg7 12.h3 Qc8 13.Bd2 h5 14.f3 hxg4 15.hxg4 Rxh1+ 16.Bxh1 Qc7 17.Qe2 b4
18.Nd1 Bc8 19.Bxb4 Ba6 20.Qf2 Nbd7 21.Nxd7 Nxd7 22.Nc3 e5 23.O-O-O a3 24.Bxa3 Bc4
25.f4 e4 26.Bb4 Bxa2 27.Qc2 Qb7 28.Nxa2 Rxa2 29.Bc3 Nf6 30.g5 Nh5 31.Bg2 Ng3 32.Bh3
Qb5 33.Kb1 Ra8 34.Bg4 Ke7 35.Be1 Nf5 36.Qc3 Ra4 37.Bd2 Bf8 38.Re1 Qa6 39.Qb3 Bg7 40.Be2
Qa8 41.Bg4 Qa6 42.Bxf5 gxf5 43.Kc2 Ke6 44.Rg1 Rc4+ 45.Kb1 Ra4 46.Rc1 Bf8 47.Kc2 Be7
48.Rh1 Rc4+ 49.Kb1 Ra4 50.Kc2 Rc4+ 51.Kb1 Ra4 1/2-1/2

[Event "1. Bundesliga 2013/2014"]
[Site "Jenbach, Wolfsberg, St. Veit/Glan"]
[Date "2014.03.23"]
[Round "11"]
[Board "4"]
[White "Buhmann, Rainer"]
[Black "Boensch, Uwe"]
[Result "1-0"]
[WhiteElo "2580"]
[BlackElo "2544"]
[PlyCount "119"]
[EventDate "2013.12.06"]
[EventType "team"]
[EventRounds "11"]
[EventCountry "AUT"]
[WhiteTeam "Schachclub MPOE Maria Saal I"]
[BlackTeam "Schachklub Sparkasse Jenbach"]

1.Nf3 d5 2.d4 Nf6 3.c4 e6 4.g3 Be7 5.Bg2 O-O 6.Qc2 c5 7.O-O cxd4 8.Nxd4 Nc6 9.Nxc6
bxc6 10.b3 a5 11.Nc3 Ba6 12.Rd1 Qb8 13.Bf4 Qa7 14.Be3 Bc5 15.Bxc5 Qxc5 16.Rac1 dxc4
17.Na4 Qe5 18.bxc4 Rab8 19.a3 h5 20.Qc3 Qxe2 21.Bf3 Qa2 22.Nc5 Rb2 23.Ra1 Rc2 24.Qxa5
Qxc4 25.Nxa6 c5 26.Nc7 Rb8 27.Rd2 Rxd2 28.Qxd2 Qb3 29.Na6 Rc8 30.Be2 Ne4 31.Qd7 Rf8
32.Qd3 Nc3 33.Rc1 Nxe2+ 34.Qxe2 Qxa3 35.Qc4 h4 36.Nxc5 hxg3 37.hxg3 Rc8 38.Rc3 Qa1+
39.Kg2 Qe1 40.Qd4 Qa1 41.Qe3 Qa8+ 42.Qf3 Qa5 43.Ne4 Rxc3 44.Nxc3 Qd8 45.Qc6 g6 46.Ne4
Qd3 47.Qc8+ Kh7 48.Qb7 Kh6 49.Qa8 Kg7 50.Qa1+ Kg8 51.Qe5 Qd1 52.Nf6+ Kf8 53.g4 Qc2
54.Qb8+ Ke7 55.Ng8+ Kd7 56.Qb7+ Qc7 57.Nf6+ Kd8 58.Qxc7+ Kxc7 59.Kf3 Kd6 60.Ke4 1-0

[Event "1. Bundesliga 2013/2014"]
[Site "Jenbach, Wolfsberg, St. Veit/Glan"]
[Date "2014.03.23"]
[Round "11"]
[Board "5"]
[White "Bischoff, Klaus"]
[Black "Tratar, Marko"]
[Result "1/2-1/2"]
[WhiteElo "2510"]
[BlackElo "2492"]
[PlyCount "66"]
[EventDate "2013.12.06"]
[EventType "team"]
[EventRounds "11"]
[EventCountry "AUT"]
[WhiteTeam "Schachklub Sparkasse Jenbach"]
[BlackTeam "Schachclub MPOE Maria Saal I"]

1.d4 e6 2.c4 Bb4+ 3.Bd2 Bxd2+ 4.Qxd2 f5 5.g3 Nf6 6.Bg2 O-O 7.Nf3 d6 8.O-O Qe7 9.Nc3
c6 10.Rfe1 d5 11.e3 Nbd7 12.b3 b6 13.Rac1 Bb7 14.cxd5 cxd5 15.Ne2 Ne4 16.Qb2 Rfc8
17.h4 h6 18.Nf4 g5 19.hxg5 hxg5 20.Nd3 g4 21.Nfe5 Nxe5 22.Nxe5 Ng5 23.Rxc8+ Rxc8 24.Rc1
Rxc1+ 25.Qxc1 Kg7 26.Nd3 Kf8 27.Nf4 Ke8 28.Ng6 Qd6 29.Ne5 Nf7 30.Nxf7 Kxf7 31.Bf1
Ke7 32.Bd3 Kd8 33.Kg2 Qe7 1/2-1/2

[Event "1. Bundesliga 2013/2014"]
[Site "Jenbach, Wolfsberg, St. Veit/Glan"]
[Date "2014.03.23"]
[Round "11"]
[Board "6"]
[White "Schachinger, Mario"]
[Black "Lehner, Oliver"]
[Result "1-0"]
[WhiteElo "2398"]
[BlackElo "2451"]
[PlyCount "67"]
[EventDate "2013.12.06"]
[EventType "team"]
[EventRounds "11"]
[EventCountry "AUT"]
[WhiteTeam "Schachclub MPOE Maria Saal I"]
[BlackTeam "Schachklub Sparkasse Jenbach"]

1.d4 Nf6 2.c4 g6 3.Nc3 Bg7 4.e4 d6 5.Nf3 O-O 6.Be2 c6 7.O-O e5 8.d5 Na6 9.Be3 Ng4
10.Bg5 f6 11.Bd2 f5 12.Ng5 Nf6 13.exf5 gxf5 14.f4 Qb6+ 15.Kh1 e4 16.c5 Nxc5 17.Bc4
Kh8 18.dxc6 bxc6 19.Be3 d5 20.Na4 Nxa4 21.Bxb6 Nxb6 22.Be2 h6 23.Rc1 hxg5 24.fxg5
Nfd7 25.Rxc6 Ne5 26.Rc7 Bd7 27.Bb5 Rad8 28.Bxd7 Nexd7 29.Qh5+ Kg8 30.g6 Nf6 31.Qxf5
Ng4 32.Qe6+ Kh8 33.Rff7 Nh6 34.g3 1-0

[Event "1. Bundesliga 2013/2014"]
[Site "Jenbach, Wolfsberg, St. Veit/Glan"]
[Date "2014.03.23"]
[Round "11"]
[Board "1"]
[White "Melkumyan, Hrant"]
[Black "Kozul, Zdenko"]
[Result "1/2-1/2"]
[WhiteElo "2613"]
[BlackElo "2586"]
[PlyCount "131"]
[EventDate "2013.12.06"]
[EventType "team"]
[EventRounds "11"]
[EventCountry "AUT"]
[WhiteTeam "ASVOE Wulkaprodersdorf"]
[BlackTeam "SV Wolfsberg"]

1.d4 Nf6 2.c4 g6 3.Nf3 Bg7 4.g3 c6 5.Bg2 d5 6.O-O O-O 7.Qa4 Nbd7 8.cxd5 Nb6 9.Qa3
cxd5 10.Nc3 Bd7 11.Bf4 Bc6 12.b3 a5 13.Ne5 Nfd7 14.Rfd1 e6 15.Nxc6 bxc6 16.Rac1 Re8
17.e4 Bf8 18.Qb2 a4 19.Nxa4 Nxa4 20.bxa4 Nf6 21.e5 Nh5 22.Be3 Rxa4 23.Rxc6 Ng7 24.g4
Qa8 25.Rc2 Rb8 26.Qa1 Qa7 27.Rb1 Ra8 28.Rb3 h5 29.h3 Qe7 30.Qb1 Qd8 31.Rb7 hxg4 32.hxg4
Ne8 33.Bf3 Be7 34.Qb6 Qxb6 35.Rxb6 R4a7 36.Rbc6 Kg7 37.Kg2 Bd8 38.Rc8 Nc7 39.Rxa8
Nxa8 40.Be2 Nb6 41.Kf1 Ra3 42.Bb5 Ra5 43.Bd3 Ra4 44.Ke2 Nc4 45.Bxc4 dxc4 46.Kf3 g5
47.Ke4 Kg6 48.Rb2 Ba5 49.Rb8 Rxa2 50.Rg8+ Kh7 51.Rxg5 Bd2 52.Rh5+ Kg7 53.Rh1 Bxe3
54.Kxe3 Ra3+ 55.Ke4 Ra2 56.f3 Re2+ 57.Kf4 c3 58.Kg5 c2 59.f4 Rd2 60.Rc1 Rh2 61.f5
Rd2 62.f6+ Kh7 63.Kh5 Rh2+ 64.Kg5 Rd2 65.Kh5 Rh2+ 66.Kg5 1/2-1/2

[Event "1. Bundesliga 2013/2014"]
[Site "Jenbach, Wolfsberg, St. Veit/Glan"]
[Date "2014.03.23"]
[Round "11"]
[Board "2"]
[White "Stevic, Hrvoje"]
[Black "Antoniewski, Rafal"]
[Result "1/2-1/2"]
[WhiteElo "2620"]
[BlackElo "2553"]
[PlyCount "61"]
[EventDate "2013.12.06"]
[EventType "team"]
[EventRounds "11"]
[EventCountry "AUT"]
[WhiteTeam "SV Wolfsberg"]
[BlackTeam "ASVOE Wulkaprodersdorf"]

1.e4 c5 2.c3 d5 3.exd5 Qxd5 4.d4 Nf6 5.Nf3 Bg4 6.Be2 e6 7.h3 Bh5 8.O-O Nc6 9.Be3 cxd4
10.Nxd4 Bxe2 11.Qxe2 Be7 12.Rd1 O-O 13.c4 Nxd4 14.Bxd4 Qe4 15.Qxe4 Nxe4 16.Nc3 Nxc3
17.Bxc3 Rfd8 18.b3 f6 19.Kf1 Kf7 20.Ke2 h5 21.Rxd8 Rxd8 22.Rd1 Rxd1 23.Kxd1 e5 24.f3
Ke6 25.g4 hxg4 26.hxg4 g6 27.Ke2 f5 28.Bb2 Bd6 29.Bc3 Bf8 30.Bb2 Bc5 31.Bc3 1/2-1/2

[Event "1. Bundesliga 2013/2014"]
[Site "Jenbach, Wolfsberg, St. Veit/Glan"]
[Date "2014.03.23"]
[Round "11"]
[Board "3"]
[White "Maksimenko, Andrei"]
[Black "Jovanovic, Zoran"]
[Result "1/2-1/2"]
[WhiteElo "2535"]
[BlackElo "2548"]
[PlyCount "51"]
[EventDate "2013.12.06"]
[EventType "team"]
[EventRounds "11"]
[EventCountry "AUT"]
[WhiteTeam "ASVOE Wulkaprodersdorf"]
[BlackTeam "SV Wolfsberg"]

1.e4 d6 2.d4 Nf6 3.Nc3 e5 4.Nf3 Nbd7 5.g4 exd4 6.Nxd4 Nc5 7.f3 Nxg4 8.fxg4 Qh4+ 9.Ke2
Bxg4+ 10.Nf3 Be7 11.Bg2 f5 12.h3 fxe4 13.hxg4 Qxg4 14.Kf1 exf3 15.Bh3 Qc4+ 16.Kg1
Bf6 17.Qxf3 O-O 18.Qd5+ Qxd5 19.Nxd5 Rae8 20.Nxf6+ Rxf6 21.Bd2 Rg6+ 22.Kf1 Rf6+ 23.Kg1
Rg6+ 24.Kf1 Rf6+ 25.Kg1 Rg6+ 26.Kf1 1/2-1/2

[Event "1. Bundesliga 2013/2014"]
[Site "Jenbach, Wolfsberg, St. Veit/Glan"]
[Date "2014.03.23"]
[Round "11"]
[Board "5"]
[White "Antal, Gergely"]
[Black "Steflitsch, Erich"]
[Result "1-0"]
[WhiteElo "2516"]
[BlackElo "2355"]
[PlyCount "80"]
[EventDate "2013.12.06"]
[EventType "team"]
[EventRounds "11"]
[EventCountry "AUT"]
[WhiteTeam "ASVOE Wulkaprodersdorf"]
[BlackTeam "SV Wolfsberg"]

1.e4 e6 2.d4 d5 3.Nd2 Nf6 4.e5 Nfd7 5.Bd3 c5 6.c3 Nc6 7.Ne2 cxd4 8.cxd4 f6 9.exf6
Nxf6 10.O-O Bd6 11.Nf3 O-O 12.Bf4 Bxf4 13.Nxf4 Ne4 14.Qc1 Ng5 15.Nxg5 Qxg5 16.Ne2
Qf6 17.Qd2 Bd7 18.Bb5 Nb8 19.a4 Bxb5 20.axb5 Nd7 21.g3 Nb6 22.Nf4 Nc4 23.Qe2 Rfe8
24.Rfd1 Qf7 25.Rdc1 Qf6 26.b3 Nd6 27.Ra4 Re7 28.h4 Rc8 29.Rxc8+ Nxc8 30.Qc2 Nb6 31.Rxa7
Qxd4 32.Nd3 Kf7 33.Nc5 Nc4 34.Rxb7 Qxc5 35.Rxe7+ Kxe7 36.bxc4 dxc4 37.Qxh7 Kf8 38.b6
Qxb6 39.Qh8+ Kf7 40.Qh5+ Kf8 1-0

[Event "1. Bundesliga 2013/2014"]
[Site "Jenbach, Wolfsberg, St. Veit/Glan"]
[Date "2014.03.23"]
[Round "11"]
[Board "6"]
[White "Hresc, Vladimir"]
[Black "Thiede, Lars"]
[Result "1/2-1/2"]
[WhiteElo "2409"]
[BlackElo "2448"]
[PlyCount "132"]
[EventDate "2013.12.06"]
[EventType "team"]
[EventRounds "11"]
[EventCountry "AUT"]
[WhiteTeam "SV Wolfsberg"]
[BlackTeam "ASVOE Wulkaprodersdorf"]

1.e4 g6 2.d4 Bg7 3.Nf3 d6 4.Bc4 c6 5.Bb3 Nf6 6.Nc3 O-O 7.O-O d5 8.e5 Ne8 9.Ne2 Bg4
10.Ne1 f6 11.h3 Bxe2 12.Qxe2 fxe5 13.dxe5 e6 14.Nd3 Nd7 15.c4 Nc7 16.f4 Qe7 17.Be3
dxc4 18.Bxc4 b5 19.Bb3 c5 20.Nf2 c4 21.Bc2 Nd5 22.Ne4 Bh6 23.g3 Nxe3 24.Qxe3 Nxe5
25.Nc3 Nf7 26.Nxb5 e5 27.Nc3 Qd7 28.Kh2 exf4 29.gxf4 Rae8 30.Qg3 Qc7 31.f5 Qxg3+ 32.Kxg3
Re3+ 33.Kg2 Rb8 34.fxg6 hxg6 35.Rab1 Ne5 36.Nd5 Re2+ 37.Rf2 Rxf2+ 38.Kxf2 Nd3+ 39.Kg3
Rd8 40.Ne7+ Kg7 41.Rd1 Re8 42.Nd5 Nxb2 43.Rb1 Nd3 44.Rb7+ Kf8 45.Rxa7 Re5 46.Rd7 Rg5+
47.Kh2 Rf5 48.Kg3 Bd2 49.Bxd3 cxd3 50.Kg4 Bc1 51.Nc3 d2 52.Nb1 Rf4+ 53.Kg3 Rf1 54.Nxd2
Rd1 55.Rd6 Ke7 56.Rd4 Rxd2 57.Rxd2 Bxd2 58.a4 Kd6 59.Kg4 Kc5 60.h4 Bh6 61.Kf3 Kb4
62.Ke4 Kxa4 63.Ke5 Bg7+ 64.Ke6 Bc3 65.Kf7 Be1 66.Kxg6 Bxh4 1/2-1/2

[Event "1. Bundesliga 2013/2014"]
[Site "Jenbach, Wolfsberg, St. Veit/Glan"]
[Date "2014.03.23"]
[Round "11"]
[Board "1"]
[White "Lenic, Luka"]
[Black "Prohaszka, Peter"]
[Result "1/2-1/2"]
[WhiteElo "2654"]
[BlackElo "2577"]
[PlyCount "73"]
[EventDate "2013.12.06"]
[EventType "team"]
[EventRounds "11"]
[EventCountry "AUT"]
[WhiteTeam "SV Raika Rapid Feffernitz"]
[BlackTeam "SV Jacques Lemans St. Veit"]

1.Nf3 d5 2.g3 c6 3.Bg2 Bf5 4.O-O Nf6 5.d3 e6 6.Nfd2 h6 7.e4 Bh7 8.Nc3 Be7 9.Kh1 O-O
10.f4 a5 11.Qe2 Na6 12.g4 Nb4 13.g5 hxg5 14.fxg5 Nd7 15.Nf3 d4 16.Nxd4 Bxg5 17.a3
Bxc1 18.Raxc1 c5 19.Nf3 Nc6 20.a4 Nde5 21.Nxe5 Nxe5 22.Nb5 Qh4 23.Qe1 Qxe1 24.Rfxe1
Rfd8 25.Kg1 Kf8 26.b3 Ke7 27.Na3 b6 28.Re3 Bg6 29.Rd1 Rac8 30.Rb1 Rd6 31.Rg3 Rh8 32.Bf1
Rh4 33.Be2 Kf8 34.Rg5 f6 35.Rxe5 fxe5 36.Nc4 Ke7 37.Nxd6 1/2-1/2

[Event "1. Bundesliga 2013/2014"]
[Site "Jenbach, Wolfsberg, St. Veit/Glan"]
[Date "2014.03.23"]
[Round "11"]
[Board "2"]
[White "Kuljasevic, Davorin"]
[Black "Sebenik, Matej"]
[Result "1/2-1/2"]
[WhiteElo "2567"]
[BlackElo "2497"]
[PlyCount "83"]
[EventDate "2013.12.06"]
[EventType "team"]
[EventRounds "11"]
[EventCountry "AUT"]
[WhiteTeam "SV Jacques Lemans St. Veit"]
[BlackTeam "SV Raika Rapid Feffernitz"]

1.d4 d5 2.c4 c6 3.Nc3 Nf6 4.e3 a6 5.Nf3 e6 6.Bd3 dxc4 7.Bxc4 b5 8.Be2 c5 9.O-O Bb7
10.dxc5 Qxd1 11.Rxd1 Bxc5 12.Nd4 Nbd7 13.Nb3 Bb4 14.a4 bxa4 15.Rxa4 a5 16.Bd2 Nb6
17.Raa1 O-O 18.Nb5 Bxd2 19.Rxd2 Ne4 20.Rc2 a4 21.N3d4 Rac8 22.Rxc8 Rxc8 23.f3 Nc5
24.Nd6 Rd8 25.Nxb7 Nxb7 26.Rc1 Rc8 27.Rxc8+ Nxc8 28.Nb5 Nb6 29.Nc3 f5 30.Bb5 Nc5 31.f4
Kf7 32.Kf2 e5 33.h3 Kf6 34.g4 h6 35.Kg3 g5 36.fxg5+ hxg5 37.gxf5 Kxf5 38.Kf3 e4+ 39.Kg3
Nd3 40.Nxa4 Nxa4 41.Bxa4 Nxb2 42.Bd7+ 1/2-1/2

[Event "1. Bundesliga 2013/2014"]
[Site "Jenbach, Wolfsberg, St. Veit/Glan"]
[Date "2014.03.23"]
[Round "11"]
[Board "3"]
[White "Diermair, Andreas"]
[Black "Bosiocic, Marin"]
[Result "1-0"]
[WhiteElo "2456"]
[BlackElo "2554"]
[PlyCount "77"]
[EventDate "2013.12.06"]
[EventType "team"]
[EventRounds "11"]
[EventCountry "AUT"]
[WhiteTeam "SV Raika Rapid Feffernitz"]
[BlackTeam "SV Jacques Lemans St. Veit"]

1.d4 Nf6 2.c4 e6 3.Nc3 Bb4 4.e3 d6 5.Bd3 c6 6.Nge2 Nbd7 7.a3 Ba5 8.Ng3 O-O 9.O-O Bc7
10.e4 Bb6 11.Bc2 e5 12.d5 cxd5 13.exd5 Ne8 14.Nce4 f6 15.b4 a5 16.Rb1 axb4 17.axb4
g6 18.Bh6 Rf7 19.Bb3 Nf8 20.c5 Bc7 21.f4 exf4 22.Bxf4 Nd7 23.cxd6 Bb8 24.Kh1 Qb6 25.Qd2
Rf8 26.Bh6 Rf7 27.Be3 Qd8 28.Bf4 Qb6 29.Qc2 Qd8 30.Rbc1 Nb6 31.d7 Rxd7 32.d6+ Kh8
33.Qc3 Rg7 34.Be5 Bf5 35.Nxf5 gxf5 36.Nxf6 Bxd6 37.Bd4 Rc8 38.Bxb6 Rxc3 39.Bxd8 1-0

[Event "1. Bundesliga 2013/2014"]
[Site "Jenbach, Wolfsberg, St. Veit/Glan"]
[Date "2014.03.23"]
[Round "11"]
[Board "4"]
[White "Rogic, Davor"]
[Black "Schreiner, Peter"]
[Result "1/2-1/2"]
[WhiteElo "2560"]
[BlackElo "2455"]
[PlyCount "93"]
[EventDate "2013.12.06"]
[EventType "team"]
[EventRounds "11"]
[EventCountry "AUT"]
[WhiteTeam "SV Jacques Lemans St. Veit"]
[BlackTeam "SV Raika Rapid Feffernitz"]

1.e4 e5 2.Nf3 Nc6 3.Bb5 Nf6 4.d3 Bc5 5.c3 O-O 6.O-O Re8 7.Nbd2 a6 8.Ba4 b5 9.Bb3 d6
10.Re1 Be6 11.Nf1 Bxb3 12.axb3 d5 13.Bg5 dxe4 14.dxe4 Qxd1 15.Raxd1 Ng4 16.Bh4 f6
17.b4 Bb6 18.h3 Nh6 19.Ne3 Bxe3 20.Rxe3 Red8 21.Red3 Nf7 22.Rxd8+ Rxd8 23.Ra1 Ra8
24.Ne1 Nd6 25.f3 Nc4 26.Nd3 a5 27.b3 Nb6 28.bxa5 Rxa5 29.Rxa5 Nxa5 30.Nc5 Kf7 31.Be1
Nc6 32.Na6 Na8 33.Kf2 Ke6 34.g3 Kd6 35.f4 Nb6 36.Ke2 Nd7 37.f5 Ndb8 38.Nxb8 Nxb8 39.b4
Nd7 40.g4 Ke7 41.Bf2 g5 42.fxg6 hxg6 43.h4 g5 44.h5 Kf7 45.Bc5 Nf8 46.Kd3 c6 47.Bxf8 1/2-1/2

[Event "1. Bundesliga 2013/2014"]
[Site "Jenbach, Wolfsberg, St. Veit/Glan"]
[Date "2014.03.23"]
[Round "11"]
[Board "5"]
[White "Petschar, Kurt"]
[Black "Hebesberger, Thomas"]
[Result "1/2-1/2"]
[WhiteElo "2303"]
[BlackElo "2356"]
[PlyCount "82"]
[EventDate "2013.12.06"]
[EventType "team"]
[EventRounds "11"]
[EventCountry "AUT"]
[WhiteTeam "SV Raika Rapid Feffernitz"]
[BlackTeam "SV Jacques Lemans St. Veit"]

1.d4 d6 2.e4 g6 3.Bc4 Bg7 4.Nf3 Nf6 5.Qe2 O-O 6.O-O Bg4 7.Nbd2 Nc6 8.c3 e5 9.dxe5
Nxe5 10.h3 Bh5 11.Bb3 Bh6 12.Bd1 Qc8 13.Re1 Bxd2 14.Qxd2 Bxf3 15.Bxf3 Nxf3+ 16.gxf3
Qxh3 17.Qf4 Nd7 18.Qg3 Qxg3+ 19.fxg3 Ne5 20.Kg2 Nd3 21.Re3 Nxc1 22.Rxc1 Rae8 23.Rce1
Re6 24.Kf2 Rfe8 25.c4 a5 26.g4 Re5 27.f4 Rc5 28.b3 h5 29.g5 a4 30.Rd1 Ra8 31.Rd5 axb3
32.axb3 Kf8 33.Kf3 Ra1 34.Rxc5 dxc5 35.Rd3 Ke7 36.Rd5 Rb1 37.f5 gxf5 38.exf5 b6 39.Re5+
Kd6 40.Rd5+ Ke7 41.Re5+ Kd6 1/2-1/2

[Event "1. Bundesliga 2013/2014"]
[Site "Jenbach, Wolfsberg, St. Veit/Glan"]
[Date "2014.03.23"]
[Round "11"]
[Board "2"]
[White "Rozentalis, Eduardas"]
[Black "Prusikin, Michael"]
[Result "1/2-1/2"]
[WhiteElo "2623"]
[BlackElo "2526"]
[PlyCount "82"]
[EventDate "2013.12.06"]
[EventType "team"]
[EventRounds "11"]
[EventCountry "AUT"]
[WhiteTeam "SK Hohenems"]
[BlackTeam "SIR Bernhard Glatz"]

1.e4 e5 2.Nf3 Nc6 3.Bb5 a6 4.Bxc6 dxc6 5.O-O Qf6 6.d4 exd4 7.Qxd4 Qxd4 8.Nxd4 Bd7
9.Be3 O-O-O 10.Nc3 Ne7 11.Rad1 Ng6 12.f3 Ne5 13.b3 Bb4 14.Nce2 Rhe8 15.Ng3 Bf8 16.h3
c5 17.Nde2 c4 18.Nc3 cxb3 19.cxb3 Bc6 20.Rd4 Rxd4 21.Bxd4 f6 22.Kf2 Rd8 23.Ke3 b6
24.Bxe5 fxe5 25.Rc1 Kb7 26.Ke2 g6 27.Nf1 Be8 28.Ne3 Bf7 29.h4 c6 30.Na4 a5 31.Ng4
Bg7 32.Nb2 h5 33.Ne3 b5 34.Nd3 Kb6 35.g4 Bf6 36.g5 Bg7 37.Rc3 Be6 38.a3 Rd4 39.Nc2
Rd8 40.Ne3 Rd4 41.Nc2 Rd8 1/2-1/2

[Event "1. Bundesliga 2013/2014"]
[Site "Jenbach, Wolfsberg, St. Veit/Glan"]
[Date "2014.03.23"]
[Round "11"]
[Board "3"]
[White "Bromberger, Stefan"]
[Black "Braun, Arik"]
[Result "1-0"]
[WhiteElo "2500"]
[BlackElo "2562"]
[PlyCount "81"]
[EventDate "2013.12.06"]
[EventType "team"]
[EventRounds "11"]
[EventCountry "AUT"]
[WhiteTeam "SIR Bernhard Glatz"]
[BlackTeam "SK Hohenems"]

1.d4 Nf6 2.c4 e6 3.Nc3 Bb4 4.Qc2 O-O 5.e4 Bxc3+ 6.bxc3 d6 7.Bd3 Nbd7 8.f4 e5 9.Nf3
Re8 10.O-O h6 11.c5 exd4 12.cxd6 cxd6 13.cxd4 Nb6 14.e5 Nfd5 15.Bh7+ Kh8 16.Be4 Bg4
17.Qb3 Bxf3 18.Qxf3 dxe5 19.fxe5 Qd7 20.Qxf7 Qxf7 21.Rxf7 Nc3 22.Bf3 Rad8 23.Be3 Nbd5
24.Bf2 b5 25.Rxa7 b4 26.Ra5 Nf4 27.Kh1 Rf8 28.Be3 Nd3 29.e6 Rd6 30.d5 Rxf3 31.gxf3
Nxd5 32.Bd4 Ne7 33.Ra7 Rxe6 34.Rg1 Nf5 35.Bxg7+ Nxg7 36.Rgxg7 Re1+ 37.Kg2 Nf4+ 38.Kg3
Nh5+ 39.Kf2 Rh1 40.Rh7+ Kg8 41.Rhb7 1-0

[Event "1. Bundesliga 2013/2014"]
[Site "Jenbach, Wolfsberg, St. Veit/Glan"]
[Date "2014.03.23"]
[Round "11"]
[Board "4"]
[White "Bindrich, Falko"]
[Black "Mons, Leon"]
[Result "1-0"]
[WhiteElo "2591"]
[BlackElo "2418"]
[PlyCount "81"]
[EventDate "2013.12.06"]
[EventType "team"]
[EventRounds "11"]
[EventCountry "AUT"]
[WhiteTeam "SK Hohenems"]
[BlackTeam "SIR Bernhard Glatz"]

1.c4 e6 2.g3 d5 3.Nf3 Nf6 4.Bg2 dxc4 5.Qa4+ Nbd7 6.Qxc4 a6 7.Qb3 Ra7 8.O-O b6 9.d4
Bb7 10.Nc3 Qa8 11.Bf4 Nd5 12.Nxd5 Bxd5 13.Qc3 Bd6 14.Bxd6 cxd6 15.Qa3 Qb8 16.Rfc1
O-O 17.Ne1 Bxg2 18.Nxg2 b5 19.Rc6 Nb6 20.Ne3 d5 21.b3 a5 22.Qc5 Nd7 23.Qc2 h6 24.Rc1
Nf6 25.Nd1 b4 26.Nb2 Ne4 27.Na4 h5 28.Kg2 h4 29.Qd3 Qd8 30.Qe3 hxg3 31.hxg3 Qg5 32.Qxg5
Nxg5 33.f3 Nh7 34.Rc7 Ra6 35.Nc5 Raa8 36.Nd7 Rfe8 37.Ne5 Rf8 38.Nc6 Rfe8 39.Rb7 Nf6
40.Kf2 Ra6 41.g4 1-0

[Event "1. Bundesliga 2013/2014"]
[Site "Jenbach, Wolfsberg, St. Veit/Glan"]
[Date "2014.03.23"]
[Round "11"]
[Board "5"]
[White "Schramm, Christian"]
[Black "Atlas, Valery"]
[Result "1/2-1/2"]
[WhiteElo "2394"]
[BlackElo "2444"]
[PlyCount "84"]
[EventDate "2013.12.06"]
[EventType "team"]
[EventRounds "11"]
[EventCountry "AUT"]
[WhiteTeam "SIR Bernhard Glatz"]
[BlackTeam "SK Hohenems"]

1.e4 c5 2.Nf3 e6 3.Nc3 d6 4.d4 cxd4 5.Nxd4 Nf6 6.Be2 Nc6 7.O-O Be7 8.Kh1 O-O 9.f4
Re8 10.Be3 e5 11.Nb3 exf4 12.Bxf4 Ne5 13.Qe1 Ng6 14.Qg3 Nxf4 15.Qxf4 Be6 16.Rad1 Nd7
17.Bb5 Rf8 18.Bxd7 Qxd7 19.e5 d5 20.Nd4 g6 21.Nce2 Qc7 22.Qg3 Rae8 23.Rf3 Qd8 24.Rb3
Bh4 25.Qe3 Qe7 26.Nxe6 Qxe6 27.Nd4 Qxe5 28.Qxe5 Rxe5 29.Nf3 Re4 30.Rxb7 Bf2 31.Rxd5
Re2 32.Rd2 Rxd2 33.Nxd2 Rd8 34.Nf1 Rd1 35.g4 Rxf1+ 36.Kg2 Rc1 37.Kxf2 Rxc2+ 38.Kg3
a5 39.a4 h6 40.Rb5 Kg7 41.h4 Rd2 42.Rxa5 Rxb2 1/2-1/2

[Event "1. Bundesliga 2013/2014"]
[Site "Jenbach, Wolfsberg, St. Veit/Glan"]
[Date "2014.03.23"]
[Round "11"]
[Board "6"]
[White "Froewis, Georg"]
[Black "Pitl, Gregory"]
[Result "1-0"]
[WhiteElo "2430"]
[BlackElo "2389"]
[PlyCount "47"]
[EventDate "2013.12.06"]
[EventType "team"]
[EventRounds "11"]
[EventCountry "AUT"]
[WhiteTeam "SK Hohenems"]
[BlackTeam "SIR Bernhard Glatz"]

1.Nf3 d5 2.g3 Nf6 3.Bg2 e6 4.O-O Be7 5.d3 b6 6.Nbd2 Bb7 7.e4 c5 8.Re1 Nc6 9.c3 h6
10.Qe2 Qc7 11.a3 Ba6 12.e5 Nd7 13.c4 dxc4 14.dxc4 Rb8 15.Ne4 Nd4 16.Nxd4 cxd4 17.Nd6+
Bxd6 18.exd6 Qxc4 19.Qg4 g5 20.Bxg5 Rg8 21.Rac1 Rxg5 22.Qh4 Qa4 23.Qxh6 Rc5 24.Qh4 1-0